Brighton & Hove Albion Current Squad by Photos (24/25) - Statistics

General Stats
  • This quiz has been taken 15 times
  • The average score is 16 of 28
Answer Stats
Picture Hint Answer % Correct
#18 Danny Welbeck
83%
#6 James Milner
83%
#9 João Pedro
83%
#22 Kaoru Mitoma
83%
#3 Igor
75%
#5 Lewis Dunk
75%
#2 Tariq Lamptey
75%
#20 Carlos Baleba
67%
#7 Solly March
67%
#4 Adam Webster
58%
#1 Bart Verbruggen
58%
#14 Georginio Rutter
58%
#29 Jan Paul van Hecke
58%
#23 Jason Steele
58%
#30 Pervis Estupiñán
58%
#17 Yankuba Minteh
58%
#41 Jack Hinshelwood
50%
#34 Joël Veltman
50%
#33 Matt O'Riley
50%
#11 Simon Adingra
50%
#26 Yasin Ayari
50%
#8 Brajan Gruda
42%
#25 Diego Gómez
42%
#24 Ferdi Kadıoğlu
42%
#27 Mats Wieffer
42%
#16 Eiran Cashin
33%
#39 Carl Rushworth
25%
#37 Tom McGill
25%
No matching quizzes found
Score Distribution
Percent of People with Each Score
Percentile by Number Answered
Your Score History
You have not taken this quiz